000 01121nam a22002657a 4500
005 20101206113148.0
008 101206t xxu||||| |||| 00| 0 hin d
010 _aHIN-91342
020 _c495.00
_a9788176781305
035 _aHN-63688
037 _bDBAD/PUB
040 _aDPL
_bHN
082 _a338.954
100 _924598
_aशर्मा, पी.एन.
245 _aरोजगार सृजन एवं सामाजिक विकास हेतु परियोजना नियोजन /
_cपी.एन.शर्मा
246 _aRojgar srajan evam samjik vikas hetu pariyojana niyojan
_bby P.N. Sharma
260 _aलखनऊ
_bभारत बुक सेन्टर
_c2010
270 _a17, अशोक मार्ग
_bलखनऊ
_k0522- 2288381
300 _a293पृ.
_c22सेमी (सजिल्द)
650 _91169
700 _924599
700 _924924
942 _2ddc
_cHN
_mशर्मापी
999 _c49306
_d49306